[Event "Hoogeveen Open - Finals"]
[Site "Hoogeveen, Netherlands"]
[Date "2018.10.26"]
[Round "1.1"]
[White "Amin, Bassem"]
[Black "Safarli, Eltaj"]
[Result "1-0"]
[WhiteElo "2686"]
[BlackElo "2676"]

1. e4 {[%clk 01:29:39]} {[%emt 00:01:19]} e5 {[%clk 01:30:51]} {[%emt
00:00:10]} 2. Nf3 {[%clk 01:30:04]} {[%emt 00:00:06]} Nc6 {[%clk 01:31:15]}
{[%emt 00:00:06]} 3. d4 {[%clk 01:23:49]} {[%emt 00:06:44]} exd4 {[%clk
01:31:38]} {[%emt 00:00:07]} 4. Nxd4 {[%clk 01:24:15]} {[%emt 00:00:05]} Bc5
{[%clk 01:31:39]} {[%emt 00:00:28]} 5. Nb3 {[%clk 01:24:11]} {[%emt 00:00:34]}
Bb6 {[%clk 01:32:04]} {[%emt 00:00:05]} 6. Nc3 {[%clk 01:24:34]} {[%emt
00:00:07]} Nf6 {[%clk 01:32:30]} {[%emt 00:00:04]} 7. Qe2 {[%clk 01:23:33]}
{[%emt 00:01:31]} O-O {[%clk 01:32:44]} {[%emt 00:00:15]} 8. Bg5 {[%clk
01:23:07]} {[%emt 00:00:56]} Nd4 {[%clk 01:32:43]} {[%emt 00:00:32]} 9. Qd2
{[%clk 01:20:18]} {[%emt 00:03:19]} Nxb3 {[%clk 01:32:23]} {[%emt 00:00:50]} 10.
axb3 {[%clk 01:20:40]} {[%emt 00:00:07]} h6 {[%clk 01:31:16]} {[%emt 00:01:36]}
11. Be3 {[%clk 01:20:22]} {[%emt 00:00:48]} Bxe3 {[%clk 01:30:48]} {[%emt
00:00:59]} 12. Qxe3 {[%clk 01:20:40]} {[%emt 00:00:11]} d5 {[%clk 01:27:04]}
{[%emt 00:04:14]} 13. O-O-O {[%clk 01:19:33]} {[%emt 00:01:37]} c6 {[%clk
01:21:15]} {[%emt 00:06:20]} 14. exd5 {[%clk 01:19:10]} {[%emt 00:00:53]} cxd5
{[%clk 01:19:01]} {[%emt 00:02:43]} 15. Qd4 {[%clk 01:16:00]} {[%emt 00:03:40]}
Qa5 {[%clk 01:15:25]} {[%emt 00:04:06]} 16. Kb1 {[%clk 01:15:20]} {[%emt
00:01:10]} Bf5 {[%clk 01:12:47]} {[%emt 00:03:07]} 17. f3 {[%clk 01:15:14]}
{[%emt 00:00:36]} Rfd8 {[%clk 01:02:22]} {[%emt 00:10:55]} 18. g4 {[%clk
01:15:02]} {[%emt 00:00:43]} Bh7 {[%clk 01:01:31]} {[%emt 00:01:20]} 19. h4
{[%clk 01:10:52]} {[%emt 00:04:40]} Qb6 {[%clk 00:47:10]} {[%emt 00:14:52]} 20.
Qxb6 {[%clk 01:05:50]} {[%emt 00:05:32]} axb6 {[%clk 00:47:36]} {[%emt
00:00:04]} 21. Rd4 {[%clk 01:06:00]} {[%emt 00:00:20]} Ra5 {[%clk 00:15:25]}
{[%emt 00:32:42]} 22. b4 {[%clk 00:58:43]} {[%emt 00:07:47]} Ra7 {[%clk
00:13:43]} {[%emt 00:02:12]} 23. b3 {[%clk 00:57:49]} {[%emt 00:01:24]} Rda8
{[%clk 00:10:44]} {[%emt 00:03:28]} 24. Kb2 {[%clk 00:57:24]} {[%emt 00:00:55]}
Ra1 {[%clk 00:09:45]} {[%emt 00:01:30]} 25. Bg2 {[%clk 00:55:46]} {[%emt
00:02:07]} Rxh1 {[%clk 00:10:10]} {[%emt 00:00:05]} 26. Bxh1 {[%clk 00:56:12]}
{[%emt 00:00:05]} g5 {[%clk 00:05:57]} {[%emt 00:04:43]} 27. hxg5 {[%clk
00:56:34]} {[%emt 00:00:08]} hxg5 {[%clk 00:06:25]} {[%emt 00:00:01]} 28. Nxd5
{[%clk 00:54:33]} {[%emt 00:02:32]} Nxd5 {[%clk 00:06:52]} {[%emt 00:00:03]} 29.
Rxd5 {[%clk 00:55:00]} {[%emt 00:00:03]} f6 {[%clk 00:06:00]} {[%emt 00:01:22]}
30. Bg2 {[%clk 00:53:55]} {[%emt 00:01:34]} Bxc2 {[%clk 00:04:39]} {[%emt
00:01:51]} 31. Bf1 {[%clk 00:54:13]} {[%emt 00:00:12]} Bg6 {[%clk 00:04:01]}
{[%emt 00:01:09]} 32. Bc4 {[%clk 00:53:04]} {[%emt 00:01:39]} Kg7 {[%clk
00:01:19]} {[%emt 00:03:11]} 33. Rd7+ {[%clk 00:53:10]} {[%emt 00:00:24]} Kh6
{[%clk 00:01:45]} {[%emt 00:00:04]} 34. Rxb7 {[%clk 00:53:03]} {[%emt
00:00:37]} Rd8 {[%clk 00:00:44]} {[%emt 00:01:31]} 35. Rxb6 {[%clk 00:53:12]}
{[%emt 00:00:21]} Rd2+ {[%clk 00:00:58]} {[%emt 00:00:15]} 36. Ka3 {[%clk
00:53:18]} {[%emt 00:00:24]} Kg7 {[%clk 00:00:58]} {[%emt 00:00:30]} 37. b5
{[%clk 00:53:32]} {[%emt 00:00:17]} f5 {[%clk 00:00:36]} {[%emt 00:00:52]} 38.
Re6 {[%clk 00:52:56]} {[%emt 00:01:04]} fxg4 {[%clk 00:00:33]} {[%emt
00:00:35]} 39. fxg4 {[%clk 00:53:24]} {[%emt 00:00:02]} Rd7 {[%clk 00:00:33]}
{[%emt 00:00:30]} 40. b6 {[%clk 00:53:34]} {[%emt 00:00:21]} 1-0

[Event "Hoogeveen Open - Finals"]
[Site "Hoogeveen, Netherlands"]
[Date "2018.10.26"]
[Round "1.2"]
[White "Van Den Doel, Erik"]
[Black "Kryakvin, Dmitry"]
[Result "1/2-1/2"]
[WhiteElo "2607"]
[BlackElo "2595"]

1. d4 {[%clk 01:30:56]} {[%emt 00:00:02]} Nf6 {[%clk 01:29:58]} {[%emt
00:01:02]} 2. Nf3 {[%clk 01:31:21]} {[%emt 00:00:06]} e6 {[%clk 01:29:52]}
{[%emt 00:00:37]} 3. Bf4 {[%clk 01:31:31]} {[%emt 00:00:20]} c5 {[%clk
01:30:15]} {[%emt 00:00:07]} 4. e3 {[%clk 01:31:54]} {[%emt 00:00:07]} cxd4
{[%clk 01:30:22]} {[%emt 00:00:24]} 5. exd4 {[%clk 01:32:18]} {[%emt 00:00:05]}
b6 {[%clk 01:30:49]} {[%emt 00:00:03]} 6. Nbd2 {[%clk 01:31:58]} {[%emt
00:00:50]} Be7 {[%clk 01:30:59]} {[%emt 00:00:20]} 7. h3 {[%clk 01:32:22]}
{[%emt 00:00:05]} O-O {[%clk 01:31:21]} {[%emt 00:00:08]} 8. c3 {[%clk
01:32:32]} {[%emt 00:00:21]} Ba6 {[%clk 01:29:28]} {[%emt 00:02:24]} 9. Bxa6
{[%clk 01:32:02]} {[%emt 00:01:00]} Nxa6 {[%clk 01:29:52]} {[%emt 00:00:05]} 10.
O-O {[%clk 01:32:25]} {[%emt 00:00:06]} d6 {[%clk 01:29:40]} {[%emt 00:00:43]}
11. a4 {[%clk 01:09:37]} {[%emt 00:23:19]} Qd7 {[%clk 01:28:12]} {[%emt
00:01:56]} 12. Qb3 {[%clk 00:56:59]} {[%emt 00:13:09]} Nc7 {[%clk 01:24:01]}
{[%emt 00:04:41]} 13. Ne1 {[%clk 00:57:12]} {[%emt 00:00:17]} a6 {[%clk
01:22:03]} {[%emt 00:02:27]} 14. Nd3 {[%clk 00:57:06]} {[%emt 00:00:37]} Nfd5
{[%clk 01:19:02]} {[%emt 00:03:32]} 15. Bh2 {[%clk 00:56:43]} {[%emt 00:00:53]}
b5 {[%clk 01:19:20]} {[%emt 00:00:12]} 16. Ra2 {[%clk 00:55:56]} {[%emt
00:01:18]} h6 {[%clk 01:14:21]} {[%emt 00:05:29]} 17. Rfa1 {[%clk 00:55:48]}
{[%emt 00:00:37]} Rfb8 {[%clk 01:06:23]} {[%emt 00:08:29]} 18. Qd1 {[%clk
00:52:36]} {[%emt 00:03:41]} Qc6 {[%clk 01:04:18]} {[%emt 00:02:35]} 19. Qf3
{[%clk 00:47:31]} {[%emt 00:05:35]} Rc8 {[%clk 01:02:31]} {[%emt 00:02:18]} 20.
Bg3 {[%clk 00:32:57]} {[%emt 00:15:04]} Rab8 {[%clk 01:01:57]} {[%emt
00:01:03]} 21. Kf1 {[%clk 00:30:45]} {[%emt 00:02:42]} Na8 {[%clk 00:56:52]}
{[%emt 00:05:36]} 22. axb5 {[%clk 00:30:37]} {[%emt 00:00:38]} axb5 {[%clk
00:57:18]} {[%emt 00:00:04]} 23. Nf4 {[%clk 00:30:49]} {[%emt 00:00:17]} Nac7
{[%clk 00:54:55]} {[%emt 00:02:52]} 24. Nxd5 {[%clk 00:29:34]} {[%emt
00:01:46]} Nxd5 {[%clk 00:53:16]} {[%emt 00:02:08]} 25. Qd3 {[%clk 00:27:11]}
{[%emt 00:02:53]} Nb6 {[%clk 00:49:50]} {[%emt 00:03:56]} 26. Ra7 {[%clk
00:18:00]} {[%emt 00:09:41]} Ra8 {[%clk 00:45:43]} {[%emt 00:04:37]} 27. Rxa8
{[%clk 00:15:10]} {[%emt 00:03:20]} Rxa8 {[%clk 00:45:23]} {[%emt 00:00:51]} 28.
Rxa8+ {[%clk 00:15:35]} {[%emt 00:00:05]} Nxa8 {[%clk 00:45:48]} {[%emt
00:00:04]} 29. b3 {[%clk 00:08:52]} {[%emt 00:07:14]} Nb6 {[%clk 00:42:55]}
{[%emt 00:03:23]} 30. c4 {[%clk 00:09:15]} {[%emt 00:00:07]} bxc4 {[%clk
00:42:31]} {[%emt 00:00:55]} 31. bxc4 {[%clk 00:09:41]} {[%emt 00:00:04]} Qa4
{[%clk 00:42:13]} {[%emt 00:00:47]} 32. Kg1 {[%clk 00:08:35]} {[%emt 00:01:37]}
Qd1+ {[%clk 00:39:49]} {[%emt 00:02:53]} 33. Kh2 {[%clk 00:09:01]} {[%emt
00:00:04]} Bg5 {[%clk 00:29:00]} {[%emt 00:11:19]} 34. f4 {[%clk 00:05:28]}
{[%emt 00:04:04]} Bf6 {[%clk 00:27:15]} {[%emt 00:02:14]} 35. d5 {[%clk
00:05:44]} {[%emt 00:00:14]} exd5 {[%clk 00:20:07]} {[%emt 00:07:39]} 36. cxd5
{[%clk 00:06:12]} {[%emt 00:00:02]} h5 {[%clk 00:10:17]} {[%emt 00:10:20]} 37.
Bf2 {[%clk 00:05:40]} {[%emt 00:01:01]} Nd7 {[%clk 00:05:35]} {[%emt 00:05:12]}
38. Be3 {[%clk 00:04:00]} {[%emt 00:02:09]} Nf8 {[%clk 00:04:09]} {[%emt
00:01:56]} 39. Qe4 {[%clk 00:02:46]} {[%emt 00:01:44]} Ng6 {[%clk 00:02:31]}
{[%emt 00:02:08]} 40. Qe8+ {[%clk 00:01:19]} {[%emt 00:01:57]} Nf8 {[%clk
00:01:45]} {[%emt 00:01:16]} 41. Qe4 {[%clk 00:19:26]} {[%emt 00:12:24]} Ng6
{[%clk 00:31:53]} {[%emt 00:00:21]} 42. Qe8+ {[%clk 00:16:39]} {[%emt
00:03:17]} Nf8 {[%clk 00:32:15]} {[%emt 00:00:09]} 43. Qe4 {[%clk 00:16:31]}
{[%emt 00:00:38]} 1/2-1/2

[Event "Hoogeveen Open - Finals"]
[Site "Hoogeveen, Netherlands"]
[Date "2018.10.26"]
[Round "2.1"]
[White "Kryakvin, Dmitry"]
[Black "Van Den Doel, Erik"]
[Result "1/2-1/2"]
[WhiteElo "2595"]
[BlackElo "2607"]

1. d4 {[%clk 00:03:02]} {[%emt 00:01:28]} d5 {[%clk 00:03:03]} 2. c4 {[%clk
00:03:03]} c6 {[%clk 00:03:04]} 3. cxd5 {[%clk 00:03:04]} cxd5 {[%clk
00:03:05]} 4. Bg5 {[%clk 00:03:05]} Nc6 {[%clk 00:02:52]} 5. Nc3 {[%clk
00:03:05]} f6 {[%clk 00:02:49]} 6. Bd2 {[%clk 00:02:57]} Nxd4 {[%clk 00:02:43]}
7. e3 {[%clk 00:02:54]} Nc6 {[%clk 00:02:42]} 8. Qh5+ {[%clk 00:02:47]} {[%emt
00:00:05]} g6 {[%clk 00:02:41]} 9. Qxd5 {[%clk 00:02:48]} {[%emt 00:00:08]} Bd7
{[%clk 00:01:42]} {[%emt 00:00:32]} 10. Nf3 {[%clk 00:02:19]} {[%emt 00:01:07]}
e6 {[%clk 00:01:37]} 11. Qb3 {[%clk 00:02:18]} Na5 {[%clk 00:01:30]} {[%emt
00:00:12]} 12. Qc2 {[%clk 00:02:13]} Rc8 {[%clk 00:01:29]} 13. Bd3 {[%clk
00:02:06]} Nh6 {[%clk 00:01:20]} {[%emt 00:00:05]} 14. O-O {[%clk 00:01:58]}
{[%emt 00:00:05]} Be7 {[%clk 00:01:18]} {[%emt 00:00:32]} 15. Nd4 {[%clk
00:01:33]} Nf7 {[%clk 00:01:10]} {[%emt 00:00:08]} 16. Qd1 {[%clk 00:01:05]}
{[%emt 00:00:30]} O-O {[%clk 00:01:06]} {[%emt 00:00:32]} 17. Rc1 {[%clk
00:00:55]} {[%emt 00:00:13]} Ne5 {[%clk 00:00:59]} 18. Bb1 {[%clk 00:00:56]}
Nac4 {[%clk 00:00:58]} 19. b3 {[%clk 00:00:43]} {[%emt 00:00:15]} Nxd2 {[%clk
00:00:59]} 20. Qxd2 {[%clk 00:00:44]} Qa5 {[%clk 00:01:00]} 21. Ne4 {[%clk
00:00:30]} {[%emt 00:00:21]} Qxd2 {[%clk 00:00:53]} 22. Nxd2 {[%clk 00:00:31]}
Rxc1 {[%clk 00:00:52]} 23. Rxc1 {[%clk 00:00:32]} Rc8 {[%clk 00:00:51]} 24.
Rxc8+ {[%clk 00:00:32]} {[%emt 00:00:05]} Bxc8 {[%clk 00:00:52]} 25. f4 {[%clk
00:00:27]} {[%emt 00:00:04]} Ng4 {[%clk 00:00:50]} {[%emt 00:00:05]} 26. Nf1
{[%clk 00:00:27]} {[%emt 00:00:04]} e5 {[%clk 00:00:49]} 27. fxe5 fxe5 {[%clk
00:00:50]} 28. h3 exd4 {[%clk 00:00:44]} {[%emt 00:00:10]} 29. hxg4 {[%clk
00:00:05]} {[%emt 00:00:05]} dxe3 {[%clk 00:00:45]} 30. Nxe3 {[%clk 00:00:06]}
Bc5 {[%clk 00:00:47]} 31. Kf2 {[%clk 00:00:06]} {[%emt 00:00:04]} Bxg4 {[%clk
00:00:48]} 32. Be4 {[%clk 00:00:04]} {[%emt 00:00:04]} b6 {[%emt 00:00:04]} 33.
b4 Bd4 {[%clk 00:00:42]} {[%emt 00:00:10]} 34. a4 {[%clk 00:00:05]} {[%emt
00:00:04]} h5 {[%clk 00:00:41]} 35. Bxg6 {[%clk 00:00:06]} Kg7 {[%clk
00:00:40]} 36. Be4 {[%clk 00:00:07]} Kf6 {[%clk 00:00:41]} 37. Bf3 {[%clk
00:00:09]} {[%emt 00:00:04]} Ke5 {[%clk 00:00:29]} {[%emt 00:00:13]} 38. Bxg4
{[%clk 00:00:06]} {[%emt 00:00:04]} hxg4 {[%clk 00:00:30]} 39. Ke2 {[%clk
00:00:08]} {[%emt 00:00:05]} Kf4 {[%clk 00:00:29]} 40. Nd5+ {[%clk 00:00:09]}
Kg3 {[%clk 00:00:30]} {[%emt 00:00:05]} 41. Kf1 {[%clk 00:00:10]} a6 {[%clk
00:00:25]} {[%emt 00:00:18]} 42. b5 {[%clk 00:00:06]} axb5 43. axb5 {[%clk
00:00:07]} Bc5 {[%clk 00:00:24]} {[%emt 00:00:09]} 44. Nf6 {[%clk 00:00:07]}
Kf4 {[%clk 00:00:25]} 45. Ke2 {[%clk 00:00:08]} Kf5 46. Nd7 {[%clk 00:00:05]}
{[%emt 00:00:10]} Bg1 {[%clk 00:00:27]} 47. Kd3 {[%clk 00:00:05]} Kf4 {[%clk
00:00:28]} 48. Ke2 {[%clk 00:00:04]} Ke4 {[%clk 00:00:27]} 49. Nf6+ {[%clk
00:00:05]} Kf5 {[%clk 00:00:29]} {[%emt 00:00:17]} 50. Nd7 {[%clk 00:00:06]}
Ke6 51. Nf8+ {[%clk 00:00:04]} Kd5 {[%clk 00:00:28]} 52. Ng6 {[%clk 00:00:05]}
Kc5 {[%clk 00:00:21]} {[%emt 00:00:05]} 53. Ne5 {[%clk 00:00:04]} {[%emt
00:00:04]} g3 {[%clk 00:00:21]} 54. Kf3 Bh2 {[%clk 00:00:17]} {[%emt 00:00:05]}
55. Nd3+ {[%clk 00:00:04]} {[%emt 00:00:08]} Kxb5 {[%clk 00:00:18]} {[%emt
00:00:08]} 56. Ke4 {[%clk 00:00:04]} Kc4 {[%clk 00:00:18]} 57. Ne5+ Kc3 {[%clk
00:00:19]} 58. Nd3 {[%clk 00:00:04]} b5 {[%clk 00:00:20]} 59. Nc5 {[%clk
00:00:05]} b4 {[%clk 00:00:21]} {[%emt 00:00:05]} 60. Na4+ {[%clk 00:00:04]}
Kc2 {[%clk 00:00:22]} 61. Kd4 {[%clk 00:00:05]} {[%emt 00:00:09]} b3 {[%clk
00:00:23]} 62. Ke3 {[%clk 00:00:03]} b2 {[%clk 00:00:24]} 63. Nxb2 {[%clk
00:00:04]} Kxb2 {[%clk 00:00:24]} 64. Ke2 {[%clk 00:00:18]} {[%emt 00:00:32]}
Kc3 {[%clk 00:00:17]} 65. Kf1 {[%clk 00:00:18]} Kd2 {[%clk 00:00:17]} 1/2-1/2

[Event "Hoogeveen Open - Finals"]
[Site "Hoogeveen, Netherlands"]
[Date "2018.10.27"]
[Round "4.1"]
[White "Amin, Bassem"]
[Black "Kryakvin, Dmitry"]
[Result "1-0"]
[WhiteElo "2686"]
[BlackElo "2595"]

1. e4 {[%clk 01:29:25]} {[%emt 00:01:33]} c5 {[%clk 01:30:53]} {[%emt
00:00:08]} 2. d3 {[%clk 01:29:32]} {[%emt 00:00:23]} Nc6 {[%clk 01:31:10]}
{[%emt 00:00:13]} 3. g3 {[%clk 01:29:51]} {[%emt 00:00:12]} g6 {[%clk
01:31:33]} {[%emt 00:00:07]} 4. Bg2 {[%clk 01:30:17]} {[%emt 00:00:04]} Bg7
{[%clk 01:31:54]} {[%emt 00:00:09]} 5. f4 {[%clk 01:29:04]} {[%emt 00:01:42]}
d6 {[%clk 01:31:29]} {[%emt 00:00:55]} 6. Nf3 {[%clk 01:29:27]} {[%emt
00:00:08]} e6 {[%clk 01:31:34]} {[%emt 00:00:25]} 7. O-O {[%clk 01:29:41]}
{[%emt 00:00:16]} Nge7 {[%clk 01:32:00]} {[%emt 00:00:03]} 8. c3 {[%clk
01:29:47]} {[%emt 00:00:25]} O-O {[%clk 01:31:19]} {[%emt 00:01:10]} 9. Be3
{[%clk 01:30:05]} {[%emt 00:00:12]} b6 {[%clk 01:29:15]} {[%emt 00:02:34]} 10.
Re1 {[%clk 01:28:49]} {[%emt 00:01:46]} Ba6 {[%clk 01:25:57]} {[%emt 00:03:49]}
11. d4 {[%clk 01:27:52]} {[%emt 00:01:27]} Rc8 {[%clk 01:21:54]} {[%emt
00:04:33]} 12. Na3 {[%clk 01:28:15]} {[%emt 00:00:07]} cxd4 {[%clk 01:17:37]}
{[%emt 00:04:47]} 13. Nxd4 {[%clk 01:28:06]} {[%emt 00:00:38]} Nxd4 {[%clk
01:16:39]} {[%emt 00:01:28]} 14. Bxd4 {[%clk 01:28:16]} {[%emt 00:00:20]} e5
{[%clk 01:14:14]} {[%emt 00:02:54]} 15. Be3 {[%clk 01:28:27]} {[%emt 00:00:19]}
Qd7 {[%clk 01:11:09]} {[%emt 00:03:35]} 16. Qd2 {[%clk 01:25:40]} {[%emt
00:03:17]} f5 {[%clk 01:06:27]} {[%emt 00:05:13]} 17. fxe5 {[%clk 01:23:35]}
{[%emt 00:02:34]} Bxe5 {[%clk 01:06:02]} {[%emt 00:00:55]} 18. Bf4 {[%clk
01:17:09]} {[%emt 00:06:56]} Bxf4 {[%clk 00:57:50]} {[%emt 00:08:43]} 19. Qxf4
{[%clk 01:17:19]} {[%emt 00:00:19]} fxe4 {[%clk 00:51:31]} {[%emt 00:06:49]} 20.
Qxe4 {[%clk 01:17:39]} {[%emt 00:00:11]} Rf7 {[%clk 00:51:19]} {[%emt
00:00:42]} 21. Rad1 {[%clk 01:14:14]} {[%emt 00:03:54]} Nf5 {[%clk 00:50:58]}
{[%emt 00:00:51]} 22. Nc2 {[%clk 01:06:38]} {[%emt 00:08:07]} Qc7 {[%clk
00:43:55]} {[%emt 00:07:34]} 23. Nd4 {[%clk 01:00:27]} {[%emt 00:06:41]} Qc5
{[%clk 00:40:29]} {[%emt 00:03:55]} 24. Kh1 {[%clk 00:57:23]} {[%emt 00:03:34]}
Bb7 {[%clk 00:39:36]} {[%emt 00:01:24]} 25. Qe8+ {[%clk 00:56:52]} {[%emt
00:01:01]} Rxe8 {[%clk 00:37:11]} {[%emt 00:02:55]} 26. Rxe8+ {[%clk 00:57:17]}
{[%emt 00:00:05]} Rf8 {[%clk 00:37:37]} {[%emt 00:00:04]} 27. Rxf8+ {[%clk
00:57:39]} {[%emt 00:00:07]} Kxf8 {[%clk 00:37:56]} {[%emt 00:00:11]} 28. Ne6+
{[%clk 00:58:08]} {[%emt 00:00:02]} Kf7 {[%clk 00:37:18]} {[%emt 00:01:07]} 29.
Nxc5 {[%clk 00:58:31]} {[%emt 00:00:07]} Bxg2+ {[%clk 00:37:43]} {[%emt
00:00:05]} 30. Kxg2 {[%clk 00:58:54]} {[%emt 00:00:07]} 1-0

[Event "Hoogeveen Open - Finals"]
[Site "Hoogeveen, Netherlands"]
[Date "2018.10.27"]
[Round "4.2"]
[White "Van Den Doel, Erik"]
[Black "Safarli, Eltaj"]
[Result "1/2-1/2"]
[WhiteElo "2607"]
[BlackElo "2676"]

1. d4 {[%clk 01:30:57]} {[%emt 00:00:02]} Nf6 {[%clk 01:30:53]} {[%emt
00:00:07]} 2. Nf3 {[%clk 01:31:23]} {[%emt 00:00:04]} g6 {[%clk 01:31:18]}
{[%emt 00:00:05]} 3. Bg5 {[%clk 01:31:49]} {[%emt 00:00:04]} Bg7 {[%clk
01:31:44]} {[%emt 00:00:04]} 4. Nbd2 {[%clk 01:32:14]} {[%emt 00:00:05]} O-O
{[%clk 01:32:07]} {[%emt 00:00:06]} 5. c3 {[%clk 01:32:40]} {[%emt 00:00:05]}
d6 {[%clk 01:31:34]} {[%emt 00:01:03]} 6. e3 {[%clk 01:32:57]} {[%emt
00:00:14]} b6 {[%clk 01:29:40]} {[%emt 00:02:23]} 7. Bd3 {[%clk 01:32:22]}
{[%emt 00:01:04]} Bb7 {[%clk 01:29:55]} {[%emt 00:00:15]} 8. O-O {[%clk
01:32:47]} {[%emt 00:00:06]} Nbd7 {[%clk 01:30:20]} {[%emt 00:00:05]} 9. e4
{[%clk 01:28:39]} {[%emt 00:04:39]} h6 {[%clk 01:29:20]} {[%emt 00:01:29]} 10.
Bh4 {[%clk 01:28:44]} {[%emt 00:00:25]} e5 {[%clk 01:29:23]} {[%emt 00:00:26]}
11. Re1 {[%clk 01:24:13]} {[%emt 00:05:01]} Qe8 {[%clk 01:24:56]} {[%emt
00:04:57]} 12. a4 {[%clk 01:24:12]} {[%emt 00:00:31]} a6 {[%clk 01:23:32]}
{[%emt 00:01:54]} 13. dxe5 {[%clk 01:16:02]} {[%emt 00:08:41]} Nxe5 {[%clk
01:22:25]} {[%emt 00:01:38]} 14. Nxe5 {[%clk 01:15:50]} {[%emt 00:00:42]} dxe5
{[%clk 01:22:40]} {[%emt 00:00:14]} 15. Qc2 {[%clk 01:11:17]} {[%emt 00:05:03]}
a5 {[%clk 01:14:41]} {[%emt 00:08:28]} 16. Nc4 {[%clk 00:43:44]} {[%emt
00:28:04]} Nh5 {[%clk 01:12:40]} {[%emt 00:02:31]} 17. f3 {[%clk 00:34:21]}
{[%emt 00:09:53]} 1/2-1/2

[Event "Hoogeveen Open - Finals"]
[Site "Hoogeveen, Netherlands"]
[Date "2018.10.27"]
[Round "5.1"]
[White "Safarli, Eltaj"]
[Black "Van Den Doel, Erik"]
[Result "1-0"]
[WhiteElo "2676"]
[BlackElo "2607"]

1. e4 {[%clk 00:03:03]} {[%emt 00:00:01]} e5 {[%clk 00:03:03]} {[%emt
00:00:02]} 2. Nc3 {[%clk 00:03:04]} {[%emt 00:00:01]} Nf6 {[%clk 00:03:03]}
{[%emt 00:00:01]} 3. g3 {[%clk 00:03:05]} Bb4 {[%clk 00:03:03]} {[%emt
00:00:03]} 4. Bg2 {[%clk 00:03:06]} Bxc3 {[%clk 00:03:04]} {[%emt 00:00:02]} 5.
dxc3 {[%clk 00:03:01]} {[%emt 00:00:06]} d6 {[%clk 00:03:05]} {[%emt 00:00:01]}
6. Ne2 {[%clk 00:03:02]} {[%emt 00:00:02]} O-O {[%clk 00:03:05]} {[%emt
00:00:02]} 7. c4 {[%clk 00:03:00]} {[%emt 00:00:03]} Be6 {[%clk 00:03:02]}
{[%emt 00:00:04]} 8. b3 {[%clk 00:03:00]} {[%emt 00:00:02]} a5 {[%clk
00:03:00]} {[%emt 00:00:05]} 9. a4 {[%clk 00:02:56]} {[%emt 00:00:06]} Nbd7
{[%clk 00:03:00]} {[%emt 00:00:02]} 10. Nc3 {[%clk 00:02:57]} Nc5 {[%clk
00:02:52]} {[%emt 00:00:09]} 11. h3 {[%clk 00:02:51]} {[%emt 00:00:08]} Nfd7
{[%clk 00:02:51]} {[%emt 00:00:03]} 12. O-O {[%clk 00:02:46]} {[%emt 00:00:07]}
f5 {[%clk 00:02:51]} {[%emt 00:00:02]} 13. exf5 {[%clk 00:02:46]} {[%emt
00:00:02]} Bxf5 {[%clk 00:02:52]} 14. Be3 {[%clk 00:02:44]} {[%emt 00:00:04]}
Kh8 {[%clk 00:02:52]} {[%emt 00:00:02]} 15. Re1 {[%clk 00:02:21]} {[%emt
00:00:25]} Qe8 {[%clk 00:02:44]} {[%emt 00:00:10]} 16. g4 {[%clk 00:01:44]}
{[%emt 00:00:39]} Be6 {[%clk 00:02:32]} {[%emt 00:00:13]} 17. Nb5 {[%clk
00:01:19]} {[%emt 00:00:28]} Rc8 {[%clk 00:02:25]} {[%emt 00:00:09]} 18. Qd2
{[%clk 00:01:20]} Qg6 {[%clk 00:02:10]} {[%emt 00:00:17]} 19. f4 {[%clk
00:01:05]} {[%emt 00:00:17]} exf4 {[%clk 00:01:55]} {[%emt 00:00:18]} 20. Bxf4
{[%clk 00:01:06]} {[%emt 00:00:01]} h5 {[%clk 00:01:23]} {[%emt 00:00:33]} 21.
g5 {[%clk 00:00:47]} {[%emt 00:00:21]} Bf5 {[%clk 00:01:11]} {[%emt 00:00:15]}
22. Nd4 {[%clk 00:00:29]} {[%emt 00:00:20]} Bxc2 {[%clk 00:00:50]} {[%emt
00:00:23]} 23. Nxc2 {[%clk 00:00:18]} {[%emt 00:00:13]} Nxb3 {[%clk 00:00:51]}
{[%emt 00:00:02]} 24. Qe3 {[%clk 00:00:07]} {[%emt 00:00:14]} Nxa1 {[%clk
00:00:47]} {[%emt 00:00:04]} 25. Nxa1 {[%clk 00:00:05]} {[%emt 00:00:05]} Nc5
{[%clk 00:00:41]} {[%emt 00:00:08]} 26. Rf1 {[%clk 00:00:04]} {[%emt 00:00:03]}
Rce8 {[%clk 00:00:34]} {[%emt 00:00:09]} 27. Qg3 {[%clk 00:00:05]} {[%emt
00:00:01]} Ne4 {[%clk 00:00:35]} {[%emt 00:00:01]} 28. Qh4 {[%clk 00:00:05]}
{[%emt 00:00:02]} Nc3 {[%clk 00:00:31]} {[%emt 00:00:06]} 29. Kh2 {[%clk
00:00:03]} {[%emt 00:00:03]} Ne2 {[%emt 00:00:04]} 30. Bd2 {[%clk 00:00:07]}
{[%emt 00:01:03]} Rxf1 {[%clk 00:00:28]} {[%emt 00:00:06]} 31. Bxf1 {[%clk
00:00:08]} Qe4 {[%clk 00:00:11]} {[%emt 00:00:19]} 32. Qxh5+ {[%clk 00:00:07]}
{[%emt 00:00:03]} Kg8 {[%clk 00:00:12]} 33. g6 {[%clk 00:00:04]} {[%emt
00:00:05]} Qe5+ {[%clk 00:00:09]} {[%emt 00:00:05]} 34. Qxe5 {[%clk 00:00:05]}
{[%emt 00:00:01]} Rxe5 {[%emt 00:00:02]} 35. Nb3 {[%clk 00:00:05]} {[%emt
00:00:01]} b6 {[%clk 00:00:10]} {[%emt 00:00:02]} 36. Bg2 {[%clk 00:00:06]} Kf8
{[%clk 00:00:09]} {[%emt 00:00:03]} 37. h4 {[%clk 00:00:05]} {[%emt 00:00:03]}
Ke8 {[%clk 00:00:09]} {[%emt 00:00:03]} 38. Bc6+ {[%clk 00:00:04]} {[%emt
00:00:03]} Kd8 {[%clk 00:00:09]} 39. Kg2 {[%clk 00:00:03]} {[%emt 00:00:03]}
Kc8 {[%clk 00:00:09]} {[%emt 00:00:04]} 40. Kf3 {[%clk 00:00:05]} {[%emt
00:00:02]} Ng1+ {[%clk 00:00:10]} {[%emt 00:00:01]} 41. Kg4 {[%clk 00:00:05]}
{[%emt 00:00:02]} Re2 {[%clk 00:00:10]} {[%emt 00:00:01]} 42. Bg5 {[%clk
00:00:05]} {[%emt 00:00:02]} Rc2 {[%clk 00:00:09]} {[%emt 00:00:03]} 43. Bd5
{[%clk 00:00:05]} {[%emt 00:00:02]} Ne2 {[%clk 00:00:10]} {[%emt 00:00:01]} 44.
h5 {[%clk 00:00:06]} {[%emt 00:00:01]} Nc3 {[%clk 00:00:11]} {[%emt 00:00:02]}
45. Be6+ {[%clk 00:00:07]} Kb7 {[%clk 00:00:11]} {[%emt 00:00:01]} 46. h6
{[%clk 00:00:09]} gxh6 {[%clk 00:00:13]} 47. Bf4 {[%clk 00:00:06]} {[%emt
00:00:04]} Rg2+ {[%clk 00:00:13]} {[%emt 00:00:02]} 48. Kf5 {[%clk 00:00:07]}
{[%emt 00:00:01]} Ne2 {[%clk 00:00:13]} {[%emt 00:00:02]} 49. Bd5+ {[%clk
00:00:08]} c6 {[%clk 00:00:14]} {[%emt 00:00:01]} 50. Bxg2 {[%clk 00:00:09]}
{[%emt 00:00:01]} 1-0